Sikhism and Women (Record no. 11794)

MARC details
000 -LEADER
fixed length control field 00513nam a2200217 a 4500
020 ## - INTERNATIONAL STANDARD BOOK NUMBER
ISBN 8174880879
082 00 - DEWEY DECIMAL CLASSIFICATION NUMBER
Classification number 305.40954
Author Cutter PRU1
100 ## - MAIN ENTRY--AUTHOR NAME
Author name Pruthi, Raj
245 ## - TITLE STATEMENT
Title Sikhism and Women
260 ## - PUBLICATION, DISTRIBUTION, ETC. (IMPRINT)
Place of publication Delhi
Name of publisher Anmol Publishers
Year of publication 1995
300 ## - PHYSICAL DESCRIPTION
Number of Pages 277p
500 ## - GENERAL NOTE
General note includes index and biblioraphy
505 2# - FORMATTED CONTENTS NOTE
Formatted contents note Index
942 ## - ADDED ENTRY ELEMENTS (KOHA)
Koha item type Books
Holdings
Collection code Home library Current library Date acquired Cost, normal purchase price Full call number Accession Number Koha item type
  Henry Martyn Institute Library Henry Martyn Institute Library 05/24/2005 375.00 305.40954 PRU1 016384 Books
                   Copyright © 2026 | Henry Martyn Institute | Hyderabad | TS-500052 | INDIA | Implemented by hmi.edu.in
Hit-Count:

Powered by Koha